000 01506nam0a2200325 4500
001 RU\NLR\bibl\1290714
005 20260405164908.0
010 _a978-5-91141-023-0
_9500
021 _aRU
_b2008-71045
_94065
035 _a(NLR Aleph) 001276395
090 _a471316
_c471316
100 _a20081031d2008 |||y0rusy50 ca
101 0 _arus
102 _aRU
105 _aa |||||||||
200 1 _aТеория и практика формирования готовности студентов педвуза к деятельности классного руководителя в сельской школе
_eмонография
_fН.Г. Крылова, И.В. Павлов
210 _aЧебоксары
_cПБОЮЛ Л.А. Наумов
_d2008
215 _a223 с.
_cил.
_d21
320 _aБиблиогр.: с. 171-188 (292 назв.) и в тексте
606 1 _aКлассные руководители в сельских школах
_xПодготовка
_92532405
_3RU\NLR\auth\661499918
686 _aЧ489.518.2
700 1 _4070
_7ca
_8rus
_aКрылова
_bН. Г.
_cканд. пед. наук
_gНелли Геннадьевна
_953715
_3RU\NLR\auth\7770787
701 1 _4070
_7ca
_8rus
_aПавлов
_bИ. В.
_cд-р пед. наук
_f1940-
_gИван Владимирович
_953645
_3RU\NLR\AUTH\7770717
801 0 _aRU
_bNLR
_c20081031
_gRCR
801 1 _aRU
_bNLR
_c20081031
830 _aавт. по кн.
942 _cBOOK
980 _aNB